One hundred dollar misunderstanding.

Furkejuvvon:
Bibliográfalaš dieđut
Váldodahkki: Gover, Robert (Dahkki)
Materiálatiipa: Girji
Almmustuhtton: New York, USA: Ballantine Books, 1961.
Fáttát:
Fáddágilkorat: Lasit fáddágilkoriid
Eai fáddágilkorat, Lasit vuosttaš fáddágilkora!

MARC

LEADER 00000nam a22000007a 4500
003 CL-VaPUC
005 20230718092855.0
008 230623t1961 ||||| |||| 00| 0 eng d
999 |c 441241  |d 441239 
040 |c Pontificia Universidad Católica de Valparaíso 
082 0 4 |2 21  |a 813 GOV 1961 
100 1 |a Gover, Robert  |e author  |9 883428 
245 1 0 |a One hundred dollar misunderstanding. 
260 |a New York, USA:  |b Ballantine Books,  |c 1961. 
300 |a 215 páginas. 
500 |a c.1 Donación Marianne Oesterle. Memo EDU 8-06-2023 
583 |c 20230623  |k Catalogador Asistente 
650 1 |a Novelas estadounidenses  |9 265217 
650 1 |a Adolescentes afroamericanos  |9 883521 
650 1 |a Estudiantes universitarios  |9 334744 
650 1 |a Prostitución adolescente  |9 883522 
942 |2 ddc  |c BK 
952 |0 0  |1 0  |2 ddc  |4 0  |6 813_000000000000000_GOV_1961  |7 0  |8 A  |9 590564  |a BIBEDU  |b BIBEDU  |c GEN  |d 2023-06-23  |e Donación  |i 5656699  |o 813 GOV 1961  |p 5656699  |r 2023-06-23  |t 1  |w 2023-06-23  |y BK  |k CIT